<?xml version="1.0" encoding="UTF-8"?>
<record
    xmlns:xsi="http://www.w3.org/2001/XMLSchema-instance"
    xsi:schemaLocation="http://www.loc.gov/MARC21/slim http://www.loc.gov/standards/marcxml/schema/MARC21slim.xsd"
    xmlns="http://www.loc.gov/MARC21/slim">

  <leader>00557nam a22001817a 4500</leader>
  <controlfield tag="003">UA-OsUOA</controlfield>
  <controlfield tag="001"> 13538 </controlfield>
  <controlfield tag="007">ta</controlfield>
  <controlfield tag="008">20030608b un ||||| |||| 00| 0 ukr d</controlfield>
  <datafield tag="100" ind1=" " ind2=" ">
    <subfield code="a">&#x413;&#x435;&#x440;&#x443;&#x441; &#x412;.</subfield>
  </datafield>
  <datafield tag="942" ind1=" " ind2=" ">
    <subfield code="c">SA</subfield>
  </datafield>
  <datafield tag="040" ind1=" " ind2=" ">
    <subfield code="a">UA-OsUOA</subfield>
    <subfield code="c">UA-OsUOA</subfield>
    <subfield code="d">UA-OsUOA</subfield>
  </datafield>
  <datafield tag="245" ind1=" " ind2=" ">
    <subfield code="a">&#x423; &#x446;&#x456;&#x454;&#x457; &#x448;&#x43A;&#x43E;&#x43B;&#x438; &#x43D;&#x435; &#x431;&#x443;&#x432;&#x430;&#x454; &#x43A;&#x430;&#x43D;&#x456;&#x43A;&#x443;&#x43B;: [&#x41F;&#x440;&#x43E; &#x414;&#x443;&#x431;&#x440;&#x43E;&#x432;&#x438;&#x446;. &#x448;&#x43A;&#x43E;&#x43B;&#x443;-&#x43A;&#x43E;&#x43B;&#x435;&#x433;&#x456;&#x443;&#x43C;]</subfield>
  </datafield>
  <datafield tag="300" ind1=" " ind2=" ">
    <subfield code="a">&#x421;.3</subfield>
  </datafield>
  <datafield tag="955" ind1=" " ind2=" ">
    <subfield code="a">0</subfield>
  </datafield>
  <datafield tag="773" ind1="0" ind2=" ">
    <subfield code="w">0</subfield>
    <subfield code="t">&#x412;&#x456;&#x43B;&#x44C;&#x43D;&#x435; &#x441;&#x43B;&#x43E;&#x432;&#x43E;</subfield>
    <subfield code="d">&#x420;&#x456;&#x432;&#x43D;&#x435;</subfield>
    <subfield code="d">2003</subfield>
    <subfield code="g">&#x2116;43/4 &#x447;&#x435;&#x440;&#x432;./</subfield>
  </datafield>
  <datafield tag="650" ind1=" " ind2="7">
    <subfield code="a">&#x41A;&#x440;&#x430;&#x454;&#x437;&#x43D;&#x430;&#x432;&#x447;&#x430; &#x440;&#x43E;&#x431;&#x43E;&#x442;&#x430;</subfield>
    <subfield code="2">UDC</subfield>
  </datafield>
  <datafield tag="999" ind1=" " ind2=" ">
    <subfield code="c">299699</subfield>
    <subfield code="d">299699</subfield>
  </datafield>
</record>
